• 首页
  • 本馆介绍
  • 公告通知
  • 最新文献
  • 馆藏检索
  • 电子资源
  • 读者导购
  • 参考咨询
  • 我的图书馆
  • 登录
  • 详细信息显示
  • 放入我的书架
  • 预约/预借图书
  • 作者相关作品
  • 分类相关作品
  • 丛书相关作品
  • 出版社相关作品

书目信息

  • 表格格式
  • 工作单格式
  • 卡片格式
题名:
国际结算
    
 
作者: 蒋琴儿 主编
分册:  
出版信息: 北京   清华大学出版社  2012
页数: 376页
开本: 23cm
丛书名:
单 册:
中图分类: F830.73
科图分类:
主题词: 国际结算--高等学校--教材 , 国际结算
电子资源:
ISBN: 978-7-302-29160-2
000 01081nam0 2200277 450
001 523
005 20140909102534.92
010    @a978-7-302-29160-2@dCNY39.00
100    @a20120829d2012 em y0chiy50 ea
101 0  @achi@aeng
102    @aCN@b110000
105    @ay z 000yy
106    @ar
200 1  @a国际结算@dInternational settlement@e理论·实务·案例@e双语教材@f蒋琴儿主编@zeng
205    @a2版
210    @a北京@c清华大学出版社@d2012
215    @a376页@d23cm
300    @a高等学校应用型特色规划教材 经管系列 浙江省重点建设教材
330    @a本书系统地介绍了国际结算涉及的票据、结算方式、单据和进出口贸易融资方式,尽可能地反映了本学科发展的前沿动态,吸收了国际结算领域的最新成果。全书共8章,内容包括:国际结算票据、汇款与托收、跟单信用证、银行保函与备用信用证、国际结算相关的单据、跟单信用证项下单据的审核、国际贸易结算融资等。
510 1  @aInternational settlement@zeng
606 0  @a国际结算@x高等学校@j教材
606 0  @a国际结算
690    @aF830.73@v5
701  0 @a蒋琴儿@4主编
801  0 @aCN@bTANGWEI@c20140603
905    @b0842441-43@dF830.73@e271=2@f3
    
    国际结算=International settlement:理论·实务·案例:双语教材/蒋琴儿主编.-2版.-北京:清华大学出版社,2012
    376页;23cm
    高等学校应用型特色规划教材 经管系列 浙江省重点建设教材
    
    ISBN 978-7-302-29160-2:CNY39.00
    本书系统地介绍了国际结算涉及的票据、结算方式、单据和进出口贸易融资方式,尽可能地反映了本学科发展的前沿动态,吸收了国际结算领域的最新成果。全书共8章,内容包括:国际结算票据、汇款与托收、跟单信用证、银行保函与备用信用证、国际结算相关的单据、跟单信用证项下单据的审核、国际贸易结算融资等。
●
相关链接 在E读中查询图书 在五车中查询图书 在当当中查询图书 在豆瓣中查询图书


正题名:国际结算     索取号:F830.73/271=2         预约/预借

序号 登录号 条形码 馆藏地/架位号 状态 备注
1 0842441   208424418   第一样本阅览室/ [索取号:F830.73/271=2] 在馆    
2 0842442   208424427   密集书库-海洋学院/ [索取号:F830.73/271=2] 在馆    
3 0842443   208424436   第一借阅区/ [索取号:F830.73/271=2] 在馆    
唐山师范学院图书馆 欢迎您!
大连网信软件有限公司© 版权所有